Statistiques concernant Palmarès Sports 2023

Cliquez ici pour prendre le quiz!

Statistiques générales

  • Ce quiz a été pris 162 fois
  • Le résultat moyen est 27 sur 44

Statistiques - réponses

Réponse% Correct
Paris SG
94%
Manchester City
93%
France
92%
Afrique du Sud
91%
Novak Djokovic
90%
Novak Djokovic
90%
Toulouse FC
88%
Irlande
85%
Paris SG
85%
Danemark
84%
Max Verstappen
84%
FC Barcelone
81%
Novak Djokovic
81%
Espagne
79%
France
79%
Stade Toulousain
79%
Angleterre
78%
Carlos Alcaraz
77%
Séville FC
76%
Espagne
74%
Canada
67%
AS Monaco
64%
Etats-Unis
62%
Stade Rochelais
62%
Jonas Vingegaard
61%
Allemagne
55%
Allemagne
54%
Iga Swiątek
51%
West Ham United
51%
Angleterre
49%
Denver Nuggets
47%
Italie
42%
Primož Roglič
41%
Real Madrid
40%
Sepp Kuss
34%
Aryna Sabalenka
31%
Coco Gauff
28%
Pologne
27%
Kansas City Chiefs
26%
Australie
18%
Uruguay
18%
Tours VB
17%
Markéta Vondroušová
15%
Turquie
8%

Distribution des résultats

Percentile par nombre de réponses

% des personnes avec chaque résultat

Votre développement - résultats

Vous n’avez pas pris ce quiz